000 00610nam a2200181Ia 4500
008 151018s9999 xx 000 0 und d
082 _bRBASDV31488
_a780
100 _aमहेश सस्केना
245 _aसंगीत शास्त्र
250 _b5
260 _bमॅनेजर पॉप्युलर बुक डेपो
_c1956
300 _a56
600 _aमहेश सस्केना
630 _aसंगीत शास्त्र
700 _aमहेश सस्केना
730 _aसंगीत शास्त्र
942 _cBOOK
999 _c1031021
_d1031018